羽越本線の駅名 - Statistics

General Stats
  • This quiz has been taken 16 times
  • The average score is 32 of 60
Answer Stats
駅名 % Correct
酒田
100%
秋田
100%
村上
100%
新津
93%
鶴岡
93%
新発田
93%
余目
86%
仁賀保
79%
羽後本荘
79%
あつみ温泉
71%
遊佐
71%
象潟
71%
坂町
71%
勝木
64%
鼠ケ関
64%
北余目
64%
越後寒川
57%
府屋
57%
東酒田
57%
岩船町
57%
間島
50%
越後早川
50%
桑川
50%
羽前水沢
50%
藤島
50%
砂越
50%
南鳥海
50%
吹浦
50%
羽後牛島
50%
月岡
50%
中条
50%
今川
43%
小岩川
43%
五十川
43%
小波渡
43%
羽前大山
43%
西袋
43%
小砂川
43%
金浦
43%
折渡
43%
羽後亀田
43%
桂根
43%
新屋
43%
京ケ瀬
43%
水原
43%
中浦
43%
加治
43%
金塚
43%
平木田
43%
平林
43%
三瀬
36%
本楯
36%
女鹿
36%
上浜
36%
西目
36%
羽後岩谷
36%
道川
36%
下浜
36%
神山
36%
岩城みなと
29%
No matching quizzes found
Score Distribution
Percent of People with Each Score
Percentile by Number Answered
Your Score History
You have not taken this quiz